000 01107nam0a22002531 4500
001 rc\2568762
005 20250623111549.0
035 _a(NLR Aleph) 006733554
090 _a5569644
_c5569644
100 _a20110914d1927 |||y0rusy50 ca
101 0 _arus
102 _aRU
105 _ay z |||||
200 1 _aЗаработная плата по советскому праву
_fПод ред. В. В. Шмидта
210 _aМосква
_cВопросы труда
_d1927
_e[Нижний Новгород]
_gтип. Нижполиграф
215 _a218, [2] с., [4] с. объявл.
_d20x14 см.
700 1 _7ca
_8rus
_aРабинович-Захарин
_bС. Л.
_cканд. юрид. наук, трудовое право
_f1888-1951
_gСамуил Львович
_9218789
_3RU\NLR\AUTH\770218845
702 1 _4340
_aШмидт
_bВ. В.
_cгос. и обществ. деятель
_f1886-1938
_gВасилий Владимирович
_9171140
_3RU\NLR\AUTH\770171190
801 0 _aRU
_bNLR
_gpsbo
801 1 _aRU
_bELAR
_2rusmarc
852 _aNLR
_j43/67
942 _cBOOK
980 _aNB